Biblioteca y Centro de Documentación

Familias empresarias y grandes empresas en América Latina y España (Registro nro. 46208)

Detalles MARC
000 -CABECERA
Longitud fija campo de control 01517nam a2200445 c 4500
001 - NÚMERO DE CONTROL
Número de control 46208
003 - IDENTIFICADOR DE NÚMERO DE CONTROL
Identificador del número de control ES-MaCES
005 - FECHA Y HORA DE LA ÚLTIMA TRANSACCIÓN
Fecha y hora de la última transacción 20160404134218.0
007 - PHYSICAL DESCRIPTION FIXED FIELD--GENERAL INFORMAT
Campo fijo de descripción física cr |||||||||||
008 - CAMPO FIJO DE DESCRIPCIÓN FIJA--INFORMACIÓN GENERAL
Códigos de información de longitud fija   150812s2015 sp 000 ||spa d
017 ## - NÚMERO DE REGISTRO DE DERECHOS DE AUTOR Y DEPÓSITO LEGAL
Número de copyright o de depósito legal BI-864-2015
Agencia que asigna el número DL
020 ## - ISBN (INTERNATIONAL STANDARD BOOK NUMBER)
Número Internacional Normalizado para Libros (ISBN) 9788492937554
040 ## - FUENTE DE CATALOGACIÓN
Centro catalogador de origen ES-MaCES
Lengua de catalogación spa
Centro transcriptor ES-MaCES
245 00 - MENCIÓN DE TÍTULO
Título Familias empresarias y grandes empresas en América Latina y España
Resto del título : una visión de largo plazo
Mención de responsabilidad, etc. ed. a cargo de Paloma Fernández Pérez, Andrea Lluch ; [autores], María Inés Barbero ... [et al.]
250 ## - MENCIÓN DE EDICIÓN
Mención de edición 1ª ed
260 ## - PUBLICACIÓN, DISTRIBUCIÓN, ETC (PIE DE IMPRENTA)
Lugar de publicación, distribución, etc. Bilbao
Nombre del editor, distribuidor, etc. Fundación BBVA
Fecha de publicación, distribución, etc. 2015
300 ## - DESCRIPCIÓN FÍSICA
Extensión 472 p.
Dimensiones 24 cm
Material anejo 1 documento pdf (2,28 mb)
500 ## - NOTA GENERAL
Nota general Índices
504 ## - NOTA DE BIBLIOGRAFÍA, ETC.
Nota de bibliografía, etc. Bibliografía
541 ## - NOTA DE LA FUENTE INMEDIANTE DE ADQUISICIÓN
Forma de adquisición Compra
650 #4 - ASIENTO SECUNDARIO DE MATERIA--TÉRMINO DE MATERIA
Término de materia o nombre geográfico como elemento inicial empresa familiar
9 (RLIN) 30018
650 #4 - ASIENTO SECUNDARIO DE MATERIA--TÉRMINO DE MATERIA
Término de materia o nombre geográfico como elemento inicial empresa multinacional
9 (RLIN) 27142
650 #4 - ASIENTO SECUNDARIO DE MATERIA--TÉRMINO DE MATERIA
Término de materia o nombre geográfico como elemento inicial poder empresarial
9 (RLIN) 30600
650 #4 - ASIENTO SECUNDARIO DE MATERIA--TÉRMINO DE MATERIA
Término de materia o nombre geográfico como elemento inicial élite
9 (RLIN) 27291
650 #4 - ASIENTO SECUNDARIO DE MATERIA--TÉRMINO DE MATERIA
Término de materia o nombre geográfico como elemento inicial poder político
9 (RLIN) 27200
650 #4 - ASIENTO SECUNDARIO DE MATERIA--TÉRMINO DE MATERIA
Término de materia o nombre geográfico como elemento inicial participación política
9 (RLIN) 27242
650 #4 - ASIENTO SECUNDARIO DE MATERIA--TÉRMINO DE MATERIA
Término de materia o nombre geográfico como elemento inicial España
9 (RLIN) 26964
650 #4 - ASIENTO SECUNDARIO DE MATERIA--TÉRMINO DE MATERIA
Término de materia o nombre geográfico como elemento inicial América Latina
9 (RLIN) 26882
650 #4 - ASIENTO SECUNDARIO DE MATERIA--TÉRMINO DE MATERIA
Término de materia o nombre geográfico como elemento inicial estudio de casos
9 (RLIN) 28846
650 #4 - ASIENTO SECUNDARIO DE MATERIA--TÉRMINO DE MATERIA
Término de materia o nombre geográfico como elemento inicial comparación
9 (RLIN) 28892
650 #4 - ASIENTO SECUNDARIO DE MATERIA--TÉRMINO DE MATERIA
Término de materia o nombre geográfico como elemento inicial historia
9 (RLIN) 27251
653 10 - TÉRMINO DE INDEXACIÓN--NO CONTROLADO
Término no controlado Empresa
700 1# - ENCABEZAMIENTO SECUNDARIO--NOMBRE PERSONAL
9 (RLIN) 35901
Nombre de persona Fernández Pérez, Paloma
Término indicativo de función ed. lit.
700 1# - ENCABEZAMIENTO SECUNDARIO--NOMBRE PERSONAL
9 (RLIN) 35902
Nombre de persona Lluch, Andrea
Término indicativo de función ed. lit.
700 1# - ENCABEZAMIENTO SECUNDARIO--NOMBRE PERSONAL
9 (RLIN) 35903
Nombre de persona Barbero, María Inés
710 2# - ENCABEZAMIENTO SECUNDARIO--NOMBRE CORPORATIVO
Nombre de entidad o nombre de jurisdicción como elemento inicial Fundación BBVA
Término indicativo de función ed.
9 (RLIN) 3766
856 4# - ACCESO ELECTRÓNICO
Identificador Uniforme del Recurso (URI) http://biblioteca.ces.es/repintra/B46208.pdf
Texto del enlace texto completo
Nota pública [intranet]
902 ## - CES. TIPO DE DOCUMENTO
Tipodoc (006$c Sirtex) LIB Libro
942 ## - ELEMENTOS KOHA
Fuente de clasificaión o esquema Clasificación propia del CES
Koha [por defecto] tipo de item Monografías
Parte de clasificación Economía
Existencias
Número de registro Signatura completa Tipo de item de Koha
087141 SG-0.0.-83 Monografías
© CES, Consejo Económico y Social de España 2021